Illumination engineering,

Enregistré dans:
Détails bibliographiques
Auteur principal: Schilling, Eugene Washburn, 1897-
Format: Livre
Langue:English
Publié: Scranton, Pa., International Textbook Company, 1940.
Tags: Ajouter un tag
Pas de tags, Soyez le premier à ajouter un tag!

MARC

LEADER 00000nam a2200000Ia 4500
003 002035
005 20221231143945.0
008 140114s1940 paua 000 ||eng d
040 |c cru CEDI 
082 |a 621.321 S356i 
100 |a Schilling, Eugene Washburn, 1897-  |9 21164 
245 |a Illumination engineering, 
260 |a Scranton, Pa., International Textbook Company,   |c 1940. 
300 |a  2 p. l., iii-ix p., 1 l., 294 páginas: ilustraciones., tablas, diagramas. 22 cm. 
942 |2 ddc  |c BK 
999 |c 14788  |d 14788